| 000 | 00987cam a2200241 4500 | ||
|---|---|---|---|
| 001 | ABS62458 | ||
| 008 | 000000n2000 000 0 eng u | ||
| 035 | _a(Sirsi) u106368 | ||
| 100 | _aWinter, J. | ||
| 245 | _aApplying to win a stay of enforcement | ||
| 260 | _c2000 | ||
| 490 |
_aConstruction News _v (6667) 25 May 2000, 14(1) |
||
| 520 | _aIn the light of "Herschel v Breen", explains how it might be possible for a firm to halt execution of an adjudication award. | ||
| 590 | _aABS | ||
| 600 | _aSTAY OF ENFORCEMENT | ||
| 650 | _aMANAGEMENT-DISPUTE AVOIDANCE, MANAGEMENT AND RESOLUTION-DISPUTE MANAGEMENT AND RESOLUTION-ALTERNATIVE DISPUTE RESOLUTION-ADJUDICATION | ||
| 650 | _aBOUYGUES UK LTD V DAHL-JENSEN UK LTD | ||
| 650 | _aHERSCHEL ENGINEERING LTD V BREEN PROPERTY LTD | ||
| 650 | _aHOUSING GRANTS CONSTRUCTION AND REGENERATION ACT 1996 | ||
| 650 | _aHOUSING GRANTS, CONSTRUCTION AND REGENERATION ACT 1996 | ||
| 690 |
_aDispute resolution _96236 |
||
| 942 | _n0 | ||
| 999 |
_c63712 _d63712 |
||